000 00702nam a22002055i 4500
001 152304
003 ES-MaACL
005 20230906204630.0
008 990922s1895 fr |||| | fre d
040 _aCCPB | B
_bspa
_cCCPB | B
100 1 _aBoissevain, G. M.
_929867
245 1 3 _aLa question monétaire /
_cmémoire par G.M. Boissevain ; traduit du hollandais par J.F. Rode.
260 _aParis :
_bLibrairie Guillaumin & Cie,
_c1895.
300 _a100 p., [2] h. de tablas, [7] h. de tablas pleg. ;
_c25 cm.
597 1 _aAntep.
597 _aLas h. de tablas, con datos estadísticos.
700 0 _aRode, J. F.
_998105
852 _aES-MaACL
_jG-8467
_z-- Enc. tela
999 _c152304
_d152304